[Event "Germain Laplante U1900"]
[Site "Chambly CAN"]
[Date "2023.04.30"]
[Round "5.13"]
[White "Duval, Mathieu"]
[Black "Morin-Pare, Victor"]
[Result "1/2-1/2"]
[WhiteElo "1691"]
[BlackElo "1856"]
[PlyCount "100"]
[EventDate "2023.04.28"]
[EventType "swiss"]
[EventRounds "5"]
[EventCountry "CAN"]

1. d4 Nf6 2. c4 e6 3. Nc3 Bb4 4. e3 O-O 5. Bd3 b6 6. Nge2 Bb7 7. O-O d5 8. a3
Be7 9. cxd5 Nxd5 10. b4 Nd7 11. Bb2 c5 12. bxc5 bxc5 13. Nxd5 Bxd5 14. Nf4 c4
15. Bc2 Nf6 16. Nxd5 exd5 17. f3 Qc7 18. Bc3 Bd6 19. h3 Rfe8 20. Re1 Bg3 21.
Re2 Nh5 22. f4 Qe7 23. e4 Nxf4 24. Re3 Qg5 25. Qf3 h5 26. Be1 Nxh3+ 27. Kh1
Bxe1 28. Raxe1 Nf4 29. Rf1 Nxg2 30. Qxf7+ Kh8 31. Rf5 Qxf5 32. exf5 Rxe3 33.
Qxh5+ Kg8 34. Kxg2 Rae8 35. Kf1 Rf8 36. f6 Rxf6+ 37. Kg2 Kf8 38. Bg6 Ke7 39.
Qh7 Ree6 40. Bf5 Re2+ 41. Kf3 Re1 42. Qxg7+ Rf7 43. Qg5+ Rf6 44. Kf2 Re4 45.
Kg3 Re1 46. Qf4 Kf7 47. Qc7+ Re7 48. Qf4 Re1 49. Qc7+ Re7 50. Qf4 Re1 1/2-1/2

[Event "Germain Laplante U1900"]
[Site "Chambly CAN"]
[Date "2023.04.30"]
[Round "5.14"]
[White "McCartney, Steven"]
[Black "Peloquin, Charli"]
[Result "1-0"]
[WhiteElo "1694"]
[BlackElo "1762"]
[PlyCount "91"]
[EventDate "2023.04.28"]
[EventType "swiss"]
[EventRounds "5"]
[EventCountry "CAN"]

1. b3 d5 2. Bb2 Nf6 3. e3 c5 4. Bb5+ Bd7 5. Bxd7+ Nbxd7 6. f4 g6 7. Nc3 a6 8.
Nxd5 Nxd5 9. Bxh8 f6 10. h4 Qa5 11. Rh3 e5 12. fxe5 Nxe5 13. Ne2 O-O-O 14. e4
Bh6 15. exd5 Rxd5 16. Rc3 Qd8 17. d4 b6 18. Rd3 Nxd3+ 19. Qxd3 Qxh8 20. Qxa6+
Kc7 21. c4 Rxd4 22. Nxd4 cxd4 23. Qa7+ Kc6 24. Qe7 Qb8 25. Qxf6+ Kb7 26. Qf3+
Ka6 27. a4 d3 28. Kf1 Ka5 29. Qd5+ Kb4 30. Qxd3 Qh2 31. Rb1 Qh1+ 32. Kf2 Qxh4+
33. Kg1 Bf4 34. Qh3 Qe7 35. Rf1 Qf6 36. Qf3 g5 37. Qd3 Qe7 38. g3 Be3+ 39. Kh2
Qc5 40. Rf5 Qd4 41. Qxd4 Bxd4 42. Rb5+ Kc3 43. g4 Be3 44. Kg3 h6 45. Kf3 Bd4
46. Ke4 1-0

[Event "Germain Laplante U1900"]
[Site "Chambly CAN"]
[Date "2023.04.30"]
[Round "5.15"]
[White "Tachijian, Mardig"]
[Black "Gauthier, Luc"]
[Result "1/2-1/2"]
[WhiteElo "1579"]
[BlackElo "1645"]
[PlyCount "42"]
[EventDate "2023.04.28"]
[EventType "swiss"]
[EventRounds "5"]
[EventCountry "CAN"]

1. d4 d5 2. c4 Nc6 3. Nf3 Bg4 4. Nc3 e6 5. e3 Bb4 6. Qb3 Nge7 7. Bd2 O-O 8. Bd3
Bxc3 9. Qxc3 Re8 10. h3 Bf5 11. g4 Bxd3 12. Qxd3 dxc4 13. Qxc4 Qd5 14. Qxd5
Nxd5 15. Ke2 e5 16. dxe5 Nxe5 17. Rac1 Nc6 18. Ne1 Rad8 19. Bc3 Nf4+ 20. Kf3
Nd5 21. Ke2 Nf4+ 1/2-1/2

[Event "Germain Laplante U1900"]
[Site "Chambly CAN"]
[Date "2023.04.30"]
[Round "5.16"]
[White "Dumoulin, Sylvain"]
[Black "Chaurette, Benoit"]
[Result "1-0"]
[WhiteElo "1774"]
[BlackElo "1753"]
[PlyCount "117"]
[EventDate "2023.04.28"]
[EventType "swiss"]
[EventRounds "5"]
[EventCountry "CAN"]

1. Nc3 d5 2. e4 c6 3. Nf3 Bg4 4. h3 Bxf3 5. Qxf3 e6 6. e5 Nd7 7. d4 c5 8. Be3
Qb6 9. O-O-O a6 10. Na4 Qb4 11. Nxc5 Bxc5 12. dxc5 Rc8 13. Qg3 g6 14. Rd3 Ne7
15. Bd2 Qxc5 16. Rc3 Qb6 17. Rxc8+ Nxc8 18. Bh6 Qa5 19. Qc3 Qxc3 20. bxc3 Ne7
21. g4 Nc6 22. f4 Nc5 23. Bg2 Kd7 24. Rd1 Kc7 25. Bg5 Na4 26. Kd2 Na5 27. Bf1
Rc8 28. Be7 Kb8 29. Bd6+ Ka8 30. Bb4 Nc4+ 31. Bxc4 Rxc4 32. Ke3 Nxc3 33. Rd4
Rxd4 34. Kxd4 Ne2+ 35. Ke3 Ng3 36. c4 dxc4 37. Kf3 Nh1 38. Kg2 b5 39. Kxh1 Kb7
40. Kg2 Kb6 41. a3 a5 42. Bd2 b4 43. axb4 a4 44. Bc3 a3 45. Kf3 Kb5 46. Ke3 a2
47. Kd4 a1=Q 48. Bxa1 Kxb4 49. Bc3+ Kb3 50. Be1 Kc2 51. Kxc4 Kd1 52. Bh4 Ke2
53. Kd4 Kf3 54. Bg5 h5 55. gxh5 gxh5 56. h4 Kg3 57. Kc5 Kg4 58. Kd6 Kf5 59. Ke7
1-0

[Event "Germain Laplante U1900"]
[Site "Chambly CAN"]
[Date "2023.04.30"]
[Round "5.17"]
[White "Jutras, Marc-Andre"]
[Black "Wilkin, Alain"]
[Result "0-1"]
[WhiteElo "1834"]
[BlackElo "1864"]
[PlyCount "53"]
[EventDate "2023.04.28"]
[EventType "swiss"]
[EventRounds "5"]
[EventCountry "CAN"]

1. c4 Nf6 2. Nf3 g6 3. g3 d6 4. Bg2 Bg7 5. O-O O-O 6. d4 c6 7. Nc3 a5 8. h3 Na6
9. e4 Nd7 10. Be3 e5 11. a3 Re8 12. d5 Nf8 13. Na4 b5 14. cxb5 cxb5 15. Nb6 Rb8
16. Nxc8 Rxc8 17. Qe2 Nc5 18. Nd2 b4 19. axb4 axb4 20. Ra7 Rc7 21. Ra5 Nfd7 22.
Rfa1 Bf8 23. Rb5 b3 24. Nxb3 Nxb3 25. Rxb3 Nc5 26. Rb5 Qd7 27. Qg4 0-1

[Event "Germain Laplante U1900"]
[Site "Chambly CAN"]
[Date "2023.04.30"]
[Round "5.19"]
[White "Kelly, Patrick"]
[Black "Allaire, Denis"]
[Result "1-0"]
[WhiteElo "1754"]
[BlackElo "1676"]
[PlyCount "52"]
[EventDate "2023.04.28"]
[EventType "swiss"]
[EventRounds "5"]
[EventCountry "CAN"]

1. e4 e5 2. Bc4 Nf6 3. Nc3 Nxe4 4. Qh5 Nd6 5. Bb3 Nc6 6. Nb5 g6 7. Qf3 f5 8.
Qd5 Qf6 9. Nxc7+ Kd8 10. Nxa8 Ne4 11. d3 Bb4+ 12. Kf1 Nxf2 13. Kxf2 e4 14. c3
Bd6 15. g3 Ne5 16. dxe4 Rf8 17. Nh3 fxe4+ 18. Bf4 g5 19. Nxg5 Nd3+ 20. Ke2 Bxf4
21. Raf1 Qa6 22. Bc4 Nc1+ 23. Rxc1 Qh6 24. gxf4 Rxf4 25. Nf7+ Rxf7 26. Qxf7 d6
1-0

[Event "Germain Laplante U1900"]
[Site "Chambly CAN"]
[Date "2023.04.30"]
[Round "5.20"]
[White "Messier, David"]
[Black "St-Germain, Jack"]
[Result "0-1"]
[WhiteElo "1863"]
[BlackElo "1521"]
[PlyCount "74"]
[EventDate "2023.04.28"]
[EventType "swiss"]
[EventRounds "5"]
[EventCountry "CAN"]

1. b4 e5 2. Bb2 Bxb4 3. Bxe5 Nf6 4. e3 Nc6 5. Bg3 d5 6. Nf3 O-O 7. a3 Bd6 8.
Bxd6 Qxd6 9. d4 Re8 10. c3 Bg4 11. Be2 Na5 12. Nbd2 c5 13. O-O Nc6 14. Rb1 b6
15. a4 c4 16. Re1 Bf5 17. Ra1 Ne4 18. Nxe4 Bxe4 19. Nd2 Bf5 20. Bf3 Rac8 21. e4
dxe4 22. Nxe4 Qg6 23. Ng3 Bd3 24. Qd2 Na5 25. Rxe8+ Rxe8 26. Re1 Rxe1+ 27. Qxe1
Qe6 28. Qxe6 fxe6 29. Be4 Nb3 30. Bxd3 cxd3 31. Kf1 a5 32. Ke1 b5 33. axb5 a4
34. b6 Na5 35. Ne4 a3 36. Nc5 a2 37. b7 a1=Q+ 0-1

[Event "Germain Laplante U1900"]
[Site "Chambly CAN"]
[Date "2023.04.30"]
[Round "5.21"]
[White "Hayne, Alexander"]
[Black "Duplessis, Jean-Roch"]
[Result "1-0"]
[WhiteElo "1761"]
[BlackElo "1645"]
[PlyCount "77"]
[EventDate "2023.04.28"]
[EventType "swiss"]
[EventRounds "5"]
[EventCountry "CAN"]

1. e4 c5 2. Nf3 Nc6 3. d4 cxd4 4. Nxd4 e5 5. Nf3 Nf6 6. Bg5 Qa5+ 7. Bd2 Bb4 8.
c3 Be7 9. b4 Qc7 10. b5 Na5 11. Qa4 b6 12. Bd3 Nb7 13. O-O Nc5 14. Qc2 Bb7 15.
Bg5 Nxd3 16. Bxf6 Bxe4 17. Bxe5 Nxe5 18. Qxe4 Nxf3+ 19. gxf3 Rd8 20. c4 d5 21.
cxd5 O-O 22. Nd2 Bf6 23. Rad1 Rfe8 24. Qg4 h5 25. Qg2 Re2 26. Ne4 Be5 27. Kh1
f5 28. Ng5 Qc4 29. f4 Bf6 30. Ne6 Rd7 31. Qg6 Qe4+ 32. f3 Qc2 33. Qe8+ Kh7 34.
Qxh5+ Kg8 35. Rc1 Qxa2 36. Rc8+ Bd8 37. Nxd8 g6 38. Qxg6+ Kf8 39. Nc6+ 1-0

[Event "Germain Laplante U1900"]
[Site "Chambly CAN"]
[Date "2023.04.30"]
[Round "5.22"]
[White "Giroux, Robert"]
[Black "Ramesan, Raunak Amit"]
[Result "1-0"]
[WhiteElo "1855"]
[BlackElo "1458"]
[PlyCount "73"]
[EventDate "2023.04.28"]
[EventType "swiss"]
[EventRounds "5"]
[EventCountry "CAN"]

1. Nf3 d5 2. b3 c5 3. e3 Nc6 4. Bb5 Nf6 5. Bb2 a6 6. Bxc6+ bxc6 7. O-O g6 8. d3
Bg7 9. Nbd2 O-O 10. Qc1 Bf5 11. Re1 Qc7 12. Be5 Qb6 13. Qb2 a5 14. a4 Rfd8 15.
h3 h5 16. e4 Bd7 17. Rad1 Be8 18. Nh2 d4 19. Nc4 Qb7 20. Bf4 Nd7 21. Bd2 e5 22.
Nxa5 Qc7 23. Nc4 Nb6 24. Nxb6 Qxb6 25. Qc1 Bd7 26. f4 Qc7 27. Rf1 exf4 28. Bxf4
Be5 29. Bxe5 Qxe5 30. Qf4 Qxf4 31. Rxf4 Be6 32. Nf3 Ra5 33. Ng5 Bc8 34. Nxf7
Rf8 35. Rdf1 Kg7 36. Nd6 Be6 37. Rxf8 1-0

[Event "Germain Laplante U1900"]
[Site "Chambly CAN"]
[Date "2023.04.30"]
[Round "5.24"]
[White "Samson, Guy"]
[Black "Frenette, Laurent"]
[Result "0-1"]
[WhiteElo "1656"]
[BlackElo "1613"]
[PlyCount "74"]
[EventDate "2023.04.28"]
[EventType "swiss"]
[EventRounds "5"]
[EventCountry "CAN"]

1. e4 c5 2. Nf3 d6 3. Bc4 g6 4. c3 Bg7 5. O-O Nc6 6. d4 cxd4 7. cxd4 Bg4 8. Be3
Nf6 9. Nc3 O-O 10. Rc1 Rc8 11. h3 Bxf3 12. Qxf3 e6 13. Rfd1 a6 14. Qe2 d5 15.
Bb3 Na5 16. Bc2 Nc4 17. e5 Nd7 18. Bb1 Qb6 19. b3 Nxe3 20. fxe3 Qb4 21. Qd2 Bh6
22. Bd3 Nxe5 23. dxe5 d4 24. a3 Qa5 25. Re1 dxc3 26. Qe2 Qxa3 27. Bc2 Qc5 28.
Qf3 Rfd8 29. Kh1 b6 30. Rf1 Rf8 31. Qg3 Qxe3 32. Qh4 Bg5 33. Qb4 Qc5 34. Qxc5
Rxc5 35. Rce1 Rd8 36. Rf3 Rd2 37. Ref1 Rc7 0-1

[Event "Germain Laplante U1900"]
[Site "Chambly CAN"]
[Date "2023.04.30"]
[Round "5.25"]
[White "Rauch, Damian"]
[Black "Tremblay, Xavier"]
[Result "1/2-1/2"]
[WhiteElo "1521"]
[BlackElo "1370"]
[PlyCount "85"]
[EventDate "2023.04.28"]
[EventType "swiss"]
[EventRounds "5"]
[EventCountry "CAN"]

1. e4 e5 2. Nc3 Nc6 3. Bc4 Nf6 4. d3 Bc5 5. f4 d6 6. Nf3 Bg4 7. Na4 exf4 8.
Nxc5 dxc5 9. Bxf4 Nd4 10. c3 Ne6 11. Be3 Qe7 12. Qa4+ c6 13. Qc2 Rd8 14. O-O
O-O 15. a4 h6 16. Qf2 Bxf3 17. Qxf3 Ng5 18. Qf5 Nd7 19. h4 Ne6 20. Rf3 Qxh4 21.
Bxe6 fxe6 22. Qxe6+ Kh8 23. Rxf8+ Nxf8 24. Qf5 b6 25. Rf1 Nd7 26. e5 Qe7 27. e6
Nf8 28. Qe4 Nxe6 29. d4 cxd4 30. Bxd4 c5 31. Be3 Qd6 32. Qh4 Rf8 33. Re1 Qd8
34. Qg4 Ng5 35. Bxg5 Qxg5 36. Qxg5 hxg5 37. Re7 a5 38. Re5 g4 39. Rg5 Rf4 40.
b3 Kh7 41. Kh2 Kh6 42. Re5 Kg6 43. Kg3 1/2-1/2

[Event "Germain Laplante U1900"]
[Site "Chambly CAN"]
[Date "2023.04.30"]
[Round "5.26"]
[White "Guillemette, Thomas"]
[Black "Dufresne, Christophe"]
[Result "1-0"]
[WhiteElo "1603"]
[BlackElo "1845"]
[PlyCount "109"]
[EventDate "2023.04.28"]
[EventType "swiss"]
[EventRounds "5"]
[EventCountry "CAN"]

1. e4 e5 2. Nf3 Nc6 3. Bc4 Nf6 4. d3 Bc5 5. c3 O-O 6. a4 a6 7. O-O d6 8. Re1
Be6 9. Nbd2 Bxc4 10. Nxc4 Qd7 11. Be3 Bxe3 12. Nxe3 Ne7 13. Nf1 Ng6 14. Ng3
Rfe8 15. d4 Rad8 16. h4 Qg4 17. dxe5 dxe5 18. Qb3 Nxh4 19. Nxh4 Qxh4 20. Qxb7
Ng4 21. Qxa6 Nxf2 22. Kxf2 Qf4+ 23. Kg1 Qxg3 24. Qe2 Rd6 25. Qf3 Qg5 26. a5
Red8 27. a6 Rf6 28. Qe2 Qh4 29. a7 Rh6 30. Qf3 Rf6 31. g3 Rg6 32. Re3 Ra8 33.
c4 Qe7 34. Rb3 Rb6 35. Rxb6 cxb6 36. Qd3 g6 37. Qd5 Rxa7 38. Rxa7 Qxa7 39. Qxe5
b5+ 40. c5 Qa1+ 41. Kf2 Qc1 42. Qc3 Qh1 43. Ke3 Qg1+ 44. Kf4 Qf2+ 45. Ke5 b4
46. Qxb4 Qxg3+ 47. Kd4 Qf2+ 48. Kd5 Qf6 49. Qb8+ Kg7 50. Qe5 h5 51. c6 h4 52.
c7 h3 53. Qxf6+ Kxf6 54. c8=Q h2 55. Qh3 1-0

[Event "Germain Laplante U1900"]
[Site "Chambly CAN"]
[Date "2023.04.30"]
[Round "5.27"]
[White "Jutras, Arnaud"]
[Black "Lemieux, Serge"]
[Result "1-0"]
[WhiteElo "1545"]
[BlackElo "1446"]
[PlyCount "97"]
[EventDate "2023.04.28"]
[EventType "swiss"]
[EventRounds "5"]
[EventCountry "CAN"]

1. c4 c5 2. Nf3 Nc6 3. Nc3 e5 4. g3 Nf6 5. Bg2 d6 6. e4 Nd4 7. Nxd4 cxd4 8. Nd5
Nxd5 9. exd5 Be7 10. O-O Bf5 11. d3 Qd7 12. f4 f6 13. b4 Rc8 14. Ba3 b6 15. Rc1
O-O 16. Qb3 Kh8 17. Rc2 Rc7 18. Rcf2 Rcc8 19. Qd1 Bg4 20. Qd2 Bh3 21. Qe2 Bg4
22. Qd2 Bh3 23. b5 Bg4 24. f5 Bh5 25. Bh3 Bf7 26. g4 Bg8 27. Rf3 h6 28. Bg2 Bh7
29. Bb4 Rf7 30. a4 a5 31. Ba3 Bf8 32. h4 Rc7 33. Bh3 Qd8 34. Kh2 g5 35. fxg6
Bxg6 36. Bb2 Bg7 37. Qf2 Qe7 38. Bc1 e4 39. Rf4 e3 40. Qe2 Qe5 41. Bb2 Rxc4 42.
dxc4 d3 43. Qg2 Qxf4+ 44. Rxf4 d2 45. Qe2 Re7 46. Rd4 f5 47. Rxd2 f4 48. Bxg7+
Rxg7 49. Rd4 1-0

[Event "Germain Laplante op"]
[Site "Chambly CAN"]
[Date "2023.04.28"]
[Round "1.3"]
[White "Dukic, Zachary"]
[Black "Tsukerman, Julia"]
[Result "1-0"]
[WhiteElo "2350"]
[BlackElo "1970"]
[PlyCount "39"]
[EventDate "2023.04.28"]
[EventType "swiss"]
[EventRounds "5"]
[EventCountry "CAN"]

1. e4 c5 2. Nf3 d6 3. d4 cxd4 4. Nxd4 Nf6 5. Nc3 a6 6. h4 e5 7. Nb3 Be6 8. f4
exf4 9. Bxf4 Nc6 10. Qd2 Be7 11. O-O-O Bg4 12. Be2 Bxe2 13. Qxe2 Qc7 14. g4 Ne5
15. g5 Nfd7 16. Nd5 Qd8 17. Nd4 Ng6 18. Bg3 Nb6 19. Nxe7 Nxe7 20. Nf5 1-0

[Event "Germain Laplante op"]
[Site "Chambly CAN"]
[Date "2023.04.28"]
[Round "1.4"]
[White "Turcotte, Jonathan"]
[Black "Nunez-Painchaud, Raphael"]
[Result "0-1"]
[WhiteElo "1963"]
[BlackElo "2225"]
[PlyCount "82"]
[EventDate "2023.04.28"]
[EventType "swiss"]
[EventRounds "5"]
[EventCountry "CAN"]

1. d4 Nf6 2. c4 e6 3. Nf3 d5 4. Nc3 Be7 5. Bg5 O-O 6. e3 Nbd7 7. Rc1 a6 8. c5
Ne4 9. Bxe7 Qxe7 10. Qc2 Nef6 11. Bd3 e5 12. dxe5 Nxe5 13. Nxe5 Qxe5 14. Ne2
Qg5 15. O-O Bh3 16. Ng3 Bd7 17. f4 Qh4 18. Rf3 Ng4 19. h3 Nf6 20. c6 bxc6 21.
Nf5 Bxf5 22. Bxf5 Rab8 23. g3 Qh5 24. g4 Qh4 25. b3 Rb6 26. g5 Qh5 27. Rg3 Ne8
28. Bg4 Qh4 29. Kh2 Nd6 30. Bf3 Re8 31. Qd3 d4 32. Bxc6 Rxe3 33. Rxe3 Qxf4+ 34.
Rg3 Qxc1 35. Bd5 Qf4 36. g6 Nf5 37. Bxf7+ Kh8 38. gxh7 Qxg3+ 39. Qxg3 Nxg3 40.
Kxg3 d3 41. Bh5 Rf6 0-1

[Event "Germain Laplante op"]
[Site "Chambly CAN"]
[Date "2023.04.28"]
[Round "1.7"]
[White "Adam, Rafael"]
[Black "Deboosere, Adam"]
[Result "1-0"]
[WhiteElo "2169"]
[BlackElo "1897"]
[PlyCount "79"]
[EventDate "2023.04.28"]
[EventType "swiss"]
[EventRounds "5"]
[EventCountry "CAN"]

1. d4 Nf6 2. c4 e6 3. g3 d5 4. Bg2 Be7 5. Nf3 O-O 6. O-O dxc4 7. Qc2 a6 8. a4
c6 9. a5 Bb4 10. Bd2 Bd6 11. Na3 c5 12. Nxc4 cxd4 13. Nxd4 Bc7 14. Bb4 Re8 15.
Rfd1 Nd5 16. Ba3 Bd7 17. Nb3 Qc8 18. Rac1 Nc6 19. Nc5 Rd8 20. Qb3 Rb8 21. Ne4
b5 22. axb6 Bxb6 23. Nxb6 Rxb6 24. Qa4 Qb8 25. Nc5 Be8 26. Nxa6 Qa8 27. Nc5 Na5
28. Qh4 Rbb8 29. e4 Nf6 30. e5 Nd5 31. Ne4 h6 32. Nf6+ Kh8 33. Nh5 Bb5 34. Qg4
Rg8 35. Nf4 Qa6 36. Nxd5 exd5 37. Rxd5 Be2 38. Qf5 Qe6 39. Qxe6 fxe6 40. Rxa5
1-0

[Event "Germain Laplante op"]
[Site "Chambly CAN"]
[Date "2023.04.28"]
[Round "1.8"]
[White "Jiang, Barron Jiyu"]
[Black "Mok, Yuen Tak"]
[Result "0-1"]
[WhiteElo "1883"]
[BlackElo "2039"]
[PlyCount "150"]
[EventDate "2023.04.28"]
[EventType "swiss"]
[EventRounds "5"]
[EventCountry "CAN"]

1. e4 c6 2. d4 d5 3. exd5 cxd5 4. Bd3 Nc6 5. Nf3 Bg4 6. c3 e6 7. Bf4 Nf6 8.
Nbd2 Bd6 9. Bxd6 Qxd6 10. O-O O-O 11. Qc2 Rfc8 12. a3 Rab8 13. Rae1 Bh5 14. Qb1
Bg6 15. Ne5 b5 16. f4 Bxd3 17. Qxd3 Na5 18. Ndf3 Ne4 19. Rxe4 dxe4 20. Qxe4 Qd5
21. Qxd5 exd5 22. Nd3 Nc4 23. Rf2 f6 24. Nb4 Nb6 25. Na6 Rb7 26. Ne1 Re7 27.
Nd3 Rce8 28. Kf1 Nc4 29. h3 Ne3+ 30. Kg1 Nd1 31. Rd2 Ne3 32. Rf2 Nc4 33. Kf1
Kf7 34. Nac5 Re3 35. b3 Nxa3 36. Ra2 Nb1 37. Rxa7+ R8e7 38. Rxe7+ Rxe7 39. Kf2
Nxc3 40. Nb4 Re2+ 41. Kf3 Rd2 42. Nbd3 h5 43. g3 Nd1 44. h4 Nc3 45. Ke3 Re2+
46. Kf3 Rd2 47. Ke3 Ra2 48. Nb4 Nd1+ 49. Kd3 Rg2 50. Nxd5 Rxg3+ 51. Kd2 Nf2 52.
Nc7 Nh3 53. f5 Nf4 54. Nxb5 Nd5 55. Nd6+ Ke7 56. Nde4 Rh3 57. Nf2 Rxh4 58. Kd3
Rf4 59. Nh3 Rf3+ 60. Ke4 Rxh3 61. Kxd5 h4 62. Kc6 Rc3 63. d5 Rxc5+ 64. Kxc5 h3
65. Kc6 Kd8 66. b4 h2 67. b5 h1=Q 68. b6 Qc1+ 69. Kd6 Qc8 70. b7 Qxb7 71. Kc5
Kd7 72. Kd4 Qb4+ 73. Ke3 Kd6 74. Kf3 Kxd5 75. Kg3 Qe4 0-1

[Event "Germain Laplante op"]
[Site "Chambly CAN"]
[Date "2023.04.28"]
[Round "1.9"]
[White "Singher, Jean-Pierre"]
[Black "Bain-Thouvarez, Aurelien"]
[Result "1-0"]
[WhiteElo "2022"]
[BlackElo "1769"]
[PlyCount "80"]
[EventDate "2023.04.28"]
[EventType "swiss"]
[EventRounds "5"]
[EventCountry "CAN"]

1. d4 Nf6 2. Nf3 g6 3. g3 Bg7 4. Bg2 O-O 5. O-O d6 6. Nbd2 Nbd7 7. c3 e5 8. e4
Re8 9. Re1 Nb6 10. h3 Bd7 11. a4 a5 12. b3 Bc6 13. Bb2 Re7 14. Qc2 Qe8 15. dxe5
dxe5 16. c4 Rd8 17. c5 Nbd7 18. Rad1 Rc8 19. h4 b6 20. Bh3 h5 21. cxb6 cxb6 22.
Nc4 Rc7 23. Ba3 Bf8 24. Ng5 Qa8 25. f3 b5 26. Bxe7 Bxe7 27. axb5 Bxb5 28. Bxd7
Nxd7 29. Qb2 Qa7+ 30. Kg2 Bb4 31. Nd6 Bc3 32. Nxb5 Bxb2 33. Nxa7 Rxa7 34. Rd5
Bd4 35. Rc1 Nb6 36. Rd8+ Kg7 37. f4 a4 38. bxa4 Nxa4 39. Rcc8 Nc3 40. Rg8+ Kf6
1-0

[Event "Germain Laplante op"]
[Site "Chambly CAN"]
[Date "2023.04.29"]
[Round "2.2"]
[White "Mok, Yuen Tak"]
[Black "Dukic, Zachary"]
[Result "0-1"]
[WhiteElo "2039"]
[BlackElo "2350"]
[PlyCount "66"]
[EventDate "2023.04.28"]
[EventType "swiss"]
[EventRounds "5"]
[EventCountry "CAN"]

1. c4 g6 2. Nf3 Nf6 3. b4 Bg7 4. Bb2 O-O 5. g3 Nc6 6. a3 e5 7. Bg2 d5 8. cxd5
Nxd5 9. d4 exd4 10. Nxd4 Ndxb4 11. axb4 Nxd4 12. Bc3 Qe7 13. e3 Nb5 14. Bxg7
Qxb4+ 15. Bc3 Nxc3 16. Qd2 Na2 17. O-O Qxd2 18. Nxd2 Nc3 19. Nb3 Rd8 20. Bf3
Be6 21. Nc5 Bd5 22. Bxd5 Rxd5 23. Nxb7 a5 24. Kg2 a4 25. Rfc1 Ne4 26. Rc4 f5
27. Ra2 a3 28. Rcc2 Rb5 29. Rxc7 Rb2 30. Ra1 Nxf2 31. Nc5 Ne4+ 32. Kh3 Ng5+ 33.
Kh4 Nf3+ 0-1

[Event "Germain Laplante op"]
[Site "Chambly CAN"]
[Date "2023.04.29"]
[Round "2.3"]
[White "Nunez-Painchaud, Raphael"]
[Black "Adam, Rafael"]
[Result "1/2-1/2"]
[WhiteElo "2225"]
[BlackElo "2169"]
[PlyCount "83"]
[EventDate "2023.04.28"]
[EventType "swiss"]
[EventRounds "5"]
[EventCountry "CAN"]

1. c4 Nf6 2. Nf3 e6 3. g3 d5 4. Bg2 dxc4 5. Qa4+ Bd7 6. Qxc4 c5 7. Ne5 Qc8 8.
O-O Nc6 9. Nxd7 Qxd7 10. Qa4 Nd5 11. Nc3 Be7 12. Rd1 Rd8 13. d3 O-O 14. Bd2 Nd4
15. Qxd7 Rxd7 16. Kf1 b6 17. Rab1 Nf6 18. Rdc1 Rfd8 19. Be1 Rc8 20. b3 Rdc7 21.
h3 h5 22. Bd2 Nc6 23. Bf4 Rd7 24. Ne4 Nd5 25. Bd2 a5 26. Nc3 Nxc3 27. Bxc3 Nb4
28. Rb2 Nd5 29. Be5 f6 30. Bc3 Nxc3 31. Rxc3 Rcd8 32. Bf3 g6 33. Rb1 Kf7 34.
Kg2 Ra7 35. Bc6 Rd6 36. Bb5 Ra8 37. Rc4 Rad8 38. Rbc1 Rd4 39. Rxd4 Rxd4 40. Kf3
f5 41. e3 Rd8 42. Ke2 1/2-1/2

[Event "Germain Laplante op"]
[Site "Chambly CAN"]
[Date "2023.04.29"]
[Round "2.4"]
[White "Zheng, Richard"]
[Black "Singher, Jean-Pierre"]
[Result "1/2-1/2"]
[WhiteElo "2223"]
[BlackElo "2022"]
[PlyCount "90"]
[EventDate "2023.04.28"]
[EventType "swiss"]
[EventRounds "5"]
[EventCountry "CAN"]

1. d4 d5 2. c4 c6 3. Nc3 Nf6 4. Nf3 e6 5. Bg5 Be7 6. e3 O-O 7. Bd3 Nbd7 8. O-O
h6 9. Bh4 Ne4 10. Bxe7 Nxc3 11. Bxd8 Nxd1 12. Be7 Nxb2 13. Bxf8 Kxf8 14. Be2
Nxc4 15. Bxc4 dxc4 16. a4 a5 17. Rfb1 b6 18. Nd2 Ba6 19. Rc1 Ke7 20. Nxc4 Bxc4
21. Rxc4 Kd6 22. Rac1 Rc8 23. f3 Nb8 24. Rb1 Kc7 25. Rbc1 Kb7 26. e4 Na6 27.
Kf2 Nb4 28. Ke3 Rd8 29. g4 g5 30. h4 e5 31. hxg5 hxg5 32. dxe5 c5 33. Rh1 Nc6
34. f4 gxf4+ 35. Kxf4 Rd3 36. Rh7 Nd8 37. e6 Nxe6+ 38. Ke5 Nd8 39. Rc1 Rf3 40.
Kd6 Nc6 41. Rd1 Rf6+ 42. Kd5 Kc7 43. e5 Rf4 44. e6 Ne7+ 45. Ke5 Ng6+ 1/2-1/2

[Event "Germain Laplante op"]
[Site "Chambly CAN"]
[Date "2023.04.29"]
[Round "2.6"]
[White "Guillemette, Hugo"]
[Black "Chapdelaine, Gwyn"]
[Result "1-0"]
[WhiteElo "2082"]
[BlackElo "1981"]
[PlyCount "105"]
[EventDate "2023.04.28"]
[EventType "swiss"]
[EventRounds "5"]
[EventCountry "CAN"]

1. e4 c6 2. d4 d5 3. e5 Bf5 4. h4 h5 5. Bd3 Bxd3 6. Qxd3 e6 7. Bg5 Be7 8. Nf3
Nd7 9. Nbd2 Nh6 10. c4 Nf5 11. Rd1 a5 12. a3 Qb6 13. Bxe7 Kxe7 14. O-O a4 15.
Rfe1 Rh6 16. Nf1 Rg6 17. Qc3 Rg4 18. c5 Qa5 19. Qc1 b6 20. cxb6 Qxb6 21. Ne3
Nxe3 22. fxe3 Rb8 23. Rd2 c5 24. Rc2 c4 25. Rf2 f5 26. exf6+ gxf6 27. Qc2 f5
28. Qxa4 Qd6 29. Qa7 Rb3 30. Ne5 Re4 31. Rf3 Rxe5 32. dxe5 Qxe5 33. Qd4 Rxb2
34. Rf2 Qxd4 35. exd4 Rxf2 36. Kxf2 Nb8 37. Ke3 Nc6 38. g3 Kd6 39. a4 Nb4 40.
Kd2 Nc6 41. Kc3 e5 42. dxe5+ Nxe5 43. Rf1 Kc5 44. Rf4 Nf7 45. Rxf5 Nd6 46. Rxh5
Ne4+ 47. Kc2 Nxg3 48. Re5 Kd6 49. Re1 d4 50. a5 Kc5 51. h5 c3 52. Kd3 Kb5 53.
h6 1-0

[Event "Germain Laplante op"]
[Site "Chambly CAN"]
[Date "2023.04.29"]
[Round "2.7"]
[White "Kot, Emanuel"]
[Black "Rauch, Frank"]
[Result "1-0"]
[WhiteElo "2059"]
[BlackElo "1961"]
[Annotator ",hugh_brodie@hotmail."]
[PlyCount "70"]
[EventDate "2023.04.28"]
[EventType "swiss"]
[EventRounds "5"]
[EventCountry "CAN"]

1. e4 c5 2. Nf3 d6 3. d4 cxd4 4. Nxd4 Nf6 5. Nc3 a6 6. f3 e5 7. Nb3 Be6 8. Be3
Be7 9. Qd2 O-O 10. O-O-O Nbd7 11. g4 b5 12. g5 Nh5 13. Nd5 Bxd5 14. exd5 Rc8
15. Na5 Nb8 16. Bd3 Qd7 17. h4 f5 18. gxf6 Bxf6 19. Rdg1 Nf4 20. Be4 b4 21. Kb1
Qb5 22. Nb3 Nd7 23. Nd4 exd4 24. Bxf4 Ne5 25. Rg2 a5 26. Rhg1 a4 27. Bg5 Rc7
28. Bxf6 Rxf6 29. f4 Ng6 30. Rg4 b3 31. cxb3 axb3 32. h5 Nf8 33. Qxd4 Rff7 34.
a3 Qe2 35. Bd3 Qh2 {etc. (52)} 1-0

[Event "Germain Laplante op"]
[Site "Chambly CAN"]
[Date "2023.04.29"]
[Round "2.8"]
[White "Li, Yi Lin"]
[Black "Gauthier, Denis"]
[Result "1-0"]
[WhiteElo "2030"]
[BlackElo "1835"]
[PlyCount "73"]
[EventDate "2023.04.28"]
[EventType "swiss"]
[EventRounds "5"]
[EventCountry "CAN"]

1. e4 c5 2. c3 Nf6 3. d3 Nc6 4. Nf3 d6 5. g3 e5 6. d4 Bg4 7. d5 Nb8 8. Bg2 Be7
9. Qc2 Na6 10. O-O O-O 11. Ne1 b5 12. f4 exf4 13. gxf4 Nc7 14. b3 c4 15. bxc4
bxc4 16. Na3 Rc8 17. Qa4 a6 18. Be3 Bd7 19. Qd1 Nb5 20. Nxb5 axb5 21. Bd4 Bg4
22. Bf3 Bxf3 23. Qxf3 Nd7 24. Qg3 f6 25. Nf3 Nc5 26. Rfe1 Qe8 27. Nh4 g6 28.
Kh1 Qf7 29. Nf5 Kh8 30. Nxe7 Qxe7 31. e5 Qb7 32. Qg2 Nd3 33. exf6 Rf7 34. Re7
Rxe7 35. fxe7+ Kg8 36. Qe4 Re8 37. Qe6# 1-0